000
00298nam a22001337a 4500
008
170629b xxu||||| |||| 00| 0 eng d
020
_a
2900226257470
041
_a
eng
080
_a
94
100
_a
16
101
_a
SHH
245
_a
DOCUMENTING INTIMATE MATTERS
_c
FOSTER,TH.A
942
_2
udc
_c
BK
999
_c
19456
_d
19456